|
|
|
|
| LEADER |
01042cam a2200277 7i4500 |
| 001 |
0000027891 |
| 005 |
20170218090000.0 |
| 008 |
100513 eng |
| 020 |
|
|
|a 9780240809335 (pbk.)
|
| 020 |
|
|
|a 0240809335 (pbk.)
|
| 040 |
|
|
|a DLC
|
| 090 |
0 |
0 |
|a TK9961
|b .W45 2007
|
| 100 |
1 |
|
|a Weise, Marcus
|
| 245 |
1 |
0 |
|a How video works
|c Marcus Weise, Diana Weynand.
|
| 250 |
|
|
|a 2nd ed.
|
| 260 |
|
|
|a Amsterdam:
|b Elsevier/ Focal Press,
|c 2007.
|
| 300 |
|
|
|a xiii, 301 p.:
|b col. ill.;
|c 24 cm.
|
| 500 |
|
|
|a Includes index
|
| 650 |
0 |
0 |
|a Home video systems
|
| 700 |
1 |
|
|a Weynand, Diana
|
| 997 |
|
|
|a Communication, Visual Art & Computing, Faculty
|b Communication, Department
|
| 997 |
|
|
|a Communication, Visual Art & Computing, Faculty
|b Visual Art, Department
|
| 999 |
|
|
|a 0000030416
|b BOK
|c OPEN SHELF
|e 2nd Floor, Bestari Jaya
|
| 999 |
|
|
|a 0000039009
|b BOK
|c OPEN SHELF
|e 2nd Floor, Bestari Jaya
|
| 999 |
|
|
|a 0000039010
|b BOK
|c OPEN SHELF
|e 2nd Floor, Bestari Jaya
|
| 999 |
|
|
|a 0000039011
|b BOK
|c OPEN SHELF
|e 2nd Floor, Bestari Jaya
|